000 00460nam a2200181Ia 4500
008 230714s9999 xx 000 0 und d
020 _a9790000000000
041 _aeng
082 _a621.382
_bROD
100 _aRoddy D.
245 _aElectronic Communications
250 _a4th ed.
260 _c2011
_bPearson
300 _a723
365 _cRs.
_b979.00
700 _aRoddy D. & Coolen J.
906 _dO:0631115-Jan-2019B:549531-Dec-2018
_cSE
_b1527.24
999 _c224871
_d224871